000
00325nam a22001457a 4500
003
OSt
005
20211227160951.0
008
211227b |||||||| |||| 00| 0 eng d
020
_a
0340811544
040
_c
HU
082
_a
004
100
_a
Bride Mac
_9
25576
245
_a
Teach Yourself Windowes Xp
942
_2
ddc
_c
BOOKS
_n
0
999
_c
24466
_d
24466